[Event "World Blitz"]
[Site "Moscow RUS"]
[Date "2009.11.18"]
[Round "42"]
[White "Gelfand,B"]
[Black "Ponomariov,R"]
[Result "0-1"]
[WhiteElo "2758"]
[BlackElo "2739"]

1.d4 d5 2.c4 c6 3.Nc3 Nf6 4.e3 a6 5.Qc2 e6 6.Nf3 c5 7.dxc5 Bxc5 8.a3 dxc4
9.Bxc4 b5 10.Bd3 Bb7 11.Nxb5 Nbd7 12.Nc3 Bxf3 13.gxf3 O-O 14.f4 e5 15.f5 a5
16.Bd2 Rc8 17.Bb5 Bb6 18.O-O-O Qe7 19.Kb1 Nc5 20.Be1 e4 21.Nd5 Nxd5 22.Rxd5 Qb7
23.Rd1 Bd8 24.a4 Bf6 25.Bxa5 Nxa4 26.Qxa4 Rc5 27.Rd7 Qxb5 28.Qxb5 Rxb5 29.b4 Bc3
30.Kc2 Bxb4 31.Bxb4 Rxb4 32.Rc7 Rb5 33.f6 g6 34.Rd1 Rf5 35.Rd2 Rxf6 36.Kd1 Ra8
37.Re7 Ra1+ 38.Ke2 Rh1 39.Rxe4 Rxh2 40.Kf1 Rh1+ 41.Kg2 Ra1 42.Rdd4 Kg7 43.Rf4 Rxf4
44.Rxf4 h5 45.Rb4 g5 46.Rb5 Kg6 47.e4 h4 48.Rb6+ Kg7 49.f3 Ra2+ 50.Kh3 Rf2
51.Kg4 Rg2+ 52.Kf5 h3 53.Rb1 Rg3 54.Rh1 Kh6 55.f4 Rf3 56.Ke5 g4 57.Kf5 Kh5
58.Ra1 Kh4 59.Ra2 g3 60.Ra8 g2 61.Rg8 Rf1 62.Rg4+ Kh5 63.Rg3 Rf3 64.Rg8 Kh6
65.e5 Kh7 66.Rg4 h2 67.Kf6 g1=Q  0-1

[Event "World Cup"]
[Site "Khanty-Mansiysk RUS"]
[Date "2009.11.22"]
[Round "1.2"]
[White "El Gindy,E"]
[Black "Ponomariov,R"]
[Result "0-1"]
[WhiteElo "2493"]
[BlackElo "2739"]

1.d4 Nf6 2.c4 g6 3.Nc3 d5 4.Nf3 Bg7 5.Qb3 dxc4 6.Qxc4 O-O 7.e4 Bg4 8.Be3 Nfd7
9.Qb3 Nb6 10.Rd1 e6 11.Be2 Nc6 12.d5 exd5 13.Nxd5 Nxd5 14.exd5 Ne5 15.Nxe5 Bxe2
16.Kxe2 Bxe5 17.h3 Qf6 18.Rd3 a5 19.Rb1 Qa6 20.Kf1 a4 21.Qc2 Rfd8 22.Kg1 Qb5
23.f4 Bf6 24.Rbd1 Qxb2 25.Qxc7 Qxa2 26.Qxb7 a3 27.Qc6 Bg7 28.f5 Qe2 29.f6 a2
30.Bd4 a1=Q 31.Bxa1 Rxa1 32.Rxa1 Qxd3 33.Qb6 Bf8 34.Qxd8 Qd4+  0-1

[Event "World Cup"]
[Site "Khanty-Mansiysk RUS"]
[Date "2009.12.02"]
[Round "4.4"]
[White "Ponomariov,R"]
[Black "Bacrot,E"]
[Result "1/2-1/2"]
[WhiteElo "2739"]
[BlackElo "2700"]

1.d4 d5 2.c4 c6 3.Nf3 Nf6 4.Nc3 dxc4 5.a4 Bf5 6.Nh4 Bc8 7.e3 e5 8.Bxc4 exd4
9.exd4 Qe7+ 10.Be2 Qc7 11.O-O Be7 12.Bd3 O-O 13.Re1 Na6 14.g3 Nb4 15.Bf4 Bd6
16.Bg5 Nxd3 17.Qxd3 Nd5 18.Nxd5 cxd5 19.Nf5 Bb4 20.Ne7+ Bxe7 21.Bxe7 Re8
22.Rac1 Qd7 23.Ba3 Qxa4 24.Qb3 Rxe1+ 25.Rxe1 Qc6 26.Qxd5 Be6 27.Qxc6 bxc6
28.f3 a5 29.Kf2 Rb8 30.g4 h6  1/2-1/2

[Event "World Cup"]
[Site "Khanty-Mansiysk RUS"]
[Date "2009.12.14"]
[Round "7.8"]
[White "Gelfand,B"]
[Black "Ponomariov,R"]
[Result "0-1"]
[WhiteElo "2758"]
[BlackElo "2739"]

1.Nf3 g6 2.d4 Bg7 3.e4 d6 4.c4 c5 5.d5 e6 6.Nc3 Ne7 7.Be2 O-O 8.O-O exd5
9.exd5 h6 10.h3 g5 11.Re1 Nd7 12.Ne4 Nf6 13.Nxf6+ Bxf6 14.Bd3 Kg7 15.Qc2 b5
16.cxb5 Nxd5 17.Bd2 Rb8 18.Rad1 a6 19.a4 axb5 20.axb5 Be6 21.Bc4 Re8 22.Bxg5 hxg5
23.Bxd5 Rxb5 24.b3 Bxd5 25.Rxe8 Bxb3 26.Qe4 d5 27.Qe2 Qd7 28.Re1 Bc4 29.Qe3 d4
30.Qc1 Bd3 31.Qa3 Bh7 32.Ra8 d3 33.Qc1 Qd5 34.Rae8 c4 35.Qa3 d2 36.Rd1 c3
37.Qf8+ Kg6 38.Rc8 Qb3 39.Rc6 Qxd1+ 40.Kh2 Qxf3 41.gxf3 d1=Q  0-1

[Event "World Cup"]
[Site "Khanty-Mansiysk RUS"]
[Date "2009.12.14"]
[Round "7.12"]
[White "Ponomariov,R"]
[Black "Gelfand,B"]
[Result "0-1"]
[WhiteElo "2739"]
[BlackElo "2758"]

1.d4 d5 2.c4 c6 3.Nf3 Nf6 4.Qb3 dxc4 5.Qxc4 Bf5 6.g3 e6 7.Bg2 Nbd7 8.O-O Be7
9.Nc3 O-O 10.Re1 h6 11.e4 Bh7 12.a3 Rc8 13.b4 a5 14.Bf4 Nh5 15.Bd2 Nhf6 16.Qb3 axb4
17.axb4 Qb6 18.b5 c5 19.e5 c4 20.Qa4 Nd5 21.Nxd5 exd5 22.Bh3 Qc7 23.b6 Nxb6
24.Qb5 Qc6 25.Ra5 c3 26.Bf4 Nc4 27.Qxc6 Rxc6 28.Rxd5 c2 29.Rb5 Rb6 30.Rxb6 Nxb6
31.Bc1 Bb4 32.Bd2 Nd5 33.e6 Re8 34.exf7+ Kxf7 35.Rc1 Bxd2 36.Nxd2 Nb4 37.Bf1 Rc8
38.Nb3 Na2 39.Ra1 c1=Q 40.Nxc1 Rxc1 41.Rxa2 Bd3 42.Rb2 Rxf1+ 43.Kg2 Ba6 44.d5 Rd1  0-1

[Event "TCh-ROU Superliga"]
[Site "Baile Herculane ROU"]
[Date "2010.09.08"]
[Round "5"]
[White "Rapport,R"]
[Black "Ponomariov,R"]
[Result "0-1"]
[WhiteElo "2523"]
[BlackElo "2749"]

1.Nf3 c5 2.c4 Nc6 3.d4 cxd4 4.Nxd4 Nf6 5.g3 d6 6.Bg2 Bd7 7.O-O g6 8.Nc3 Bg7
9.Nc2 a6 10.Bd2 O-O 11.Rc1 Rb8 12.a4 Be6 13.Nd5 a5 14.Ne1 Nd7 15.Nd3 Nce5
16.b3 Nxd3 17.exd3 Bxd5 18.Bxd5 e6 19.Bg2 Bd4 20.Qg4 Bg7 21.Be3 h5 22.Qe2 Ne5
23.Ba7 Ra8 24.Qe3 Nc6 25.Bb6 Qf6 26.d4 Nxd4 27.Rfd1 Nf5 28.Qe1 Qe5 29.Qxe5 Bxe5
30.b4 axb4 31.a5 Rfb8 32.Rb1 Bc3 33.Bc7 Rc8 34.Bb6 Rc5 35.Rxd6 Nxd6 36.Bxc5 Nxc4
37.Bxb7 Rxa5 38.Bxb4 Bxb4 39.Rxb4 Ne5 40.h3 Ra1+ 41.Kg2 Nd3 42.Rb3 Rd1 43.Be4 Nc5
44.Bf3 Rd2 45.Re3 Kg7 46.Re2 Rd4 47.h4 Kf6 48.Ra2 e5 49.Ra5 Nd3 50.Bd5 e4
51.Bb3 Ne1+ 52.Kh3 Rd2 53.Ra2 Rd7 54.Re2 Nd3 55.Ba4 Rd4 56.Bc6 Ke5 57.Be8 Rd6
58.Bxf7 Rf6 59.f4+ Kd4 60.Be8 Ra6 61.Kg2 e3 62.Bf7 Ke4 63.Be8 Nc1 64.Rc2 Nb3
65.Bb5 Rb6 66.Be8 Nd4 67.Ra2 Kf5 68.Bf7 Rc6 69.Bd5 Rc1 70.Bf3 Ke6 71.Be2 Kd5
72.Ra5+ Kd6 73.Ra2 Re1 74.Bd3 e2 75.Ra6+ Kc5 76.Ra5+ Kb4 77.Re5 Kc3 78.Ba6 Kd2
79.Re4 Nf5 80.Kh2 Ne3 81.Rd4+ Kc2 82.Bxe2 Rxe2+ 83.Kh1 Nf5 84.Rc4+ Kd3 85.Rc6 Ke3
86.Rxg6 Kf3 87.Rg5  0-1

[Event "TCh-ROU Superliga"]
[Site "Baile Herculane ROU"]
[Date "2010.09.10"]
[Round "7"]
[White "Ponomariov,R"]
[Black "Spasov,V"]
[Result "1-0"]
[WhiteElo "2749"]
[BlackElo "2621"]

1.d4 Nf6 2.c4 g6 3.Nc3 Bg7 4.e4 d6 5.f3 O-O 6.Nge2 Nbd7 7.Be3 a6 8.Qd2 c5
9.Rd1 b6 10.Ng3 cxd4 11.Bxd4 e6 12.Be2 Bb7 13.Bf2 d5 14.cxd5 exd5 15.exd5 b5
16.d6 Re8 17.O-O Rc8 18.a4 b4 19.Nce4 Nd5 20.f4 Bh6 21.Bxa6 Bxa6 22.Qxd5 Bxf4
23.Rfe1 Bc4 24.Qb7 Be6 25.Qxb4 Rc4 26.Qa3 Qa8 27.Qf3 Bh6 28.b3 Rb4 29.Nc5 Nxc5
30.Qxa8 Rxa8 31.Bxc5 Rxb3 32.Ne4 Bg7 33.a5 f5 34.Ng5 Bd7 35.Bb6 Bf6 36.Re7 Bb5
37.Ne6 Bxe7 38.dxe7 Re8 39.Bd8 Kf7 40.Nc7 Rxe7 41.Bxe7 Kxe7 42.Nxb5 Rxb5
43.Ra1 Rb7 44.a6 Ra7 45.Kf2 Kd6 46.Ke3 Kd5 47.Kf4 h6 48.Ra5+ Kd6 49.h3 Ke6
50.Ke3 Kd7 51.Kd4 Kd6 52.h4 Kc7 53.Ke5 Kb8 54.Rb5+ Ka8 55.Rb6 Re7+  1-0

[Event "VI World Blitz"]
[Site "Moscow RUS"]
[Date "2010.11.16"]
[Round "3.10"]
[White "Ponomariov,R"]
[Black "Movsesian,S"]
[Result "1-0"]
[WhiteElo "2744"]
[BlackElo "2721"]

1.d4 Nf6 2.Bf4 g6 3.Nc3 Bg7 4.e4 O-O 5.Qd2 c5 6.d5 d6 7.Bh6 Bxh6 8.Qxh6 Qa5
9.O-O-O b5 10.Bxb5 Ba6 11.a4  1-0

[Event "VI World Blitz"]
[Site "Moscow RUS"]
[Date "2010.11.17"]
[Round "15.4"]
[White "Ponomariov,R"]
[Black "Karjakin,Sergey"]
[Result "1/2-1/2"]
[WhiteElo "2744"]
[BlackElo "2760"]

1.d4 d5 2.Bf4 Nf6 3.e3 c6 4.c4 Bf5 5.Nc3 e6 6.Qb3 Qc8 7.Rc1 Be7 8.cxd5 Nxd5
9.Bg3 O-O 10.Nf3 Nxc3 11.Qxc3 a5 12.a3 Na6 13.Be2 Nb4 14.Qd2 Nd5 15.O-O Nf6
16.Bf4 Rd8 17.Bd3 Bxd3 18.Qxd3 Nh5 19.Be5 f6 20.Bg3 Nxg3 21.hxg3 Qd7 22.Rfd1 a4
23.g4 Ra5 24.g3 Rb5 25.Rc2 e5 26.Qe4 Qd5 27.Qxd5+ Rdxd5 28.Rdc1 Rb3 29.dxe5 fxe5
30.Kf1 Rdb5 31.Rc4 Rxb2 32.Rxa4 Ra2 33.Ra8+ Kf7 34.a4 Rbb2 35.Nxe5+ Kf6 36.Nd3 Rd2
37.Rc3 c5 38.Rc8 b6 39.e4 Rxa4 40.Rc6+ Kf7 41.Ne5+ Ke8 42.Rxb6 Rxe4 43.Nc6 Bd6
44.Rb7 g5 45.Ra3 Kf8 46.Ra8+ Re8 47.Raa7 c4 48.Rxh7 Kg8 49.Rag7+ Kf8 50.Rd7 Kg8
51.Rdg7+ Kf8 52.Rd7 Kg8 53.Rhg7+ Kf8 54.Na5 Rc8 55.Rdf7+ Ke8 56.Nxc4 Rxc4
57.Ra7 Rc8 58.Rxg5 Be7 59.Rg7 Bf8 60.Rgf7 Rcd8 61.Rf4 R2d7 62.Raa4 Be7 63.Rae4 Rd5
64.Kg2 R8d6 65.Re2 Rc6 66.Rfe4 Rc7 67.f4 Kf7 68.g5 Bf8 69.Kh3 Rd3 70.R2e3 Rxe3
71.Rxe3 Be7 72.Kg4 Rc4 73.Kf5 Rc5+ 74.Kg4  1/2-1/2

[Event "VI World Blitz"]
[Site "Moscow RUS"]
[Date "2010.11.17"]
[Round "19.2"]
[White "Ponomariov,R"]
[Black "Eljanov,P"]
[Result "1-0"]
[WhiteElo "2744"]
[BlackElo "2742"]

1.d4 Nf6 2.Bf4 g6 3.Nc3 Bg7 4.e4 d6 5.Qd2 O-O 6.Bh6 c5 7.Bxg7 Kxg7 8.d5 e6
9.dxe6 Bxe6 10.O-O-O Nc6 11.Nf3 Qa5 12.a3 Rad8 13.Ng5 d5 14.exd5 Bxd5 15.Nxd5 Qxd2+
16.Rxd2 Rxd5 17.Rxd5 Nxd5 18.g3 Nf6 19.Bg2 h6 20.Ne4 Re8 21.Re1 b6 22.c3 Ne5
23.Re3 Nxe4 24.Rxe4 Nd3+ 25.Kd2 Rxe4 26.Bxe4 Nxf2 27.Bf3 h5 28.b4 Kf6 29.Ke2 Ng4
30.h3 Ne5 31.Bd5 Ke7 32.Ke3 Kd6 33.Bb3 f6 34.Ke4 a5 35.bxa5 bxa5 36.Ba2 Kc6
37.Bb3 c4 38.Ba4+ Kc5 39.Be8 Kd6 40.Kd4 Nf3+ 41.Kxc4 Ke7 42.Bc6 Ne5+ 43.Kd5 g5
44.Bb5 Kd8 45.Be2 Kd7 46.Bxh5 Nd3 47.Be2 Nf2 48.h4 gxh4 49.gxh4 Ke7 50.c4 Nh3
51.Bf3 Nf4+ 52.Kc6 Nd3 53.Kd5 Nf4+ 54.Ke4 Ne6 55.Bd1 Nc5+ 56.Kf5 Kf7 57.h5 Kg7
58.Bc2 Nb7 59.Ke6 Nc5+ 60.Kd5 Nd7 61.c5 Kh6 62.Bd1 Kg5 63.c6 Nb6+ 64.Kc5 Nc8
65.c7 f5 66.Kc6  1-0

[Event "VI World Blitz"]
[Site "Moscow RUS"]
[Date "2010.11.17"]
[Round "22"]
[White "Movsesian,S"]
[Black "Ponomariov,R"]
[Result "1-0"]
[WhiteElo "2721"]
[BlackElo "2744"]

1.e4 e6 2.d4 d5 3.e5 c5 4.c3 Nc6 5.Nf3 Qb6 6.Be2 Nh6 7.Bxh6 gxh6 8.Qd2 Bg7
9.O-O O-O 10.Na3 f6 11.exf6 Rxf6 12.Nc2 Bd7 13.b4 cxd4 14.cxd4 a6 15.a4 Be8
16.b5 axb5 17.axb5 Rxa1 18.Rxa1 Ne7 19.Ne5 Ng6 20.Ng4 Rf8 21.Nxh6+ Kh8 22.Ng4 Nf4
23.Bf1 Bg6 24.Nge3 Be4 25.g3 Nh5 26.Re1 Nf6 27.Bd3 Bxd3 28.Qxd3 Ne4 29.Re2 Nd6
30.Ng2 Nxb5 31.Nf4 Nc7 32.Kg2 Qd6 33.Ne1 Bh6 34.Nh5 Qa6 35.Qd1 Rf5 36.Rc2 Qd6
37.Nd3 Rf8 38.Ne5 Ne8 39.Rc8 Qe7 40.Qc2 Ng7 41.Rc7  1-0

[Event "VI World Blitz"]
[Site "Moscow RUS"]
[Date "2010.11.17"]
[Round "26.8"]
[White "Grachev,B"]
[Black "Ponomariov,R"]
[Result "1-0"]
[WhiteElo "2654"]
[BlackElo "2744"]

1.d4 Nf6 2.Nf3 d5 3.Bf4 c5 4.e3 Nc6 5.c3 Qb6 6.Qb3 c4 7.Qc2 Bf5 8.Qc1 e6
9.h3 Be7 10.Nbd2 O-O 11.Be2 Qa5 12.O-O b5 13.a3 Qb6 14.Ne5 Nxe5 15.Bxe5 Nd7
16.Bg3 a5 17.Re1 Bg6 18.Bf3 f5 19.Bf4 Qc6 20.Be2 b4 21.Nf3 Bd6 22.Qc2 Rfb8
23.Bxd6 Qxd6 24.axb4 axb4 25.Rxa8 Rxa8 26.b3 f4 27.Qb2 fxe3 28.fxe3 bxc3
29.Qxc3 Ra3 30.Bd1 Nf6 31.Qc1 cxb3 32.Ne5 Qb4 33.Rf1 Ra8 34.Qc6 Rf8 35.Qxe6+ Bf7
36.Nxf7 Rxf7 37.Bh5 g6 38.Rxf6 Qb7 39.Bd1 b2 40.Qe8+ Kg7 41.Qxf7+  1-0

[Event "VI World Blitz"]
[Site "Moscow RUS"]
[Date "2010.11.17"]
[Round "27.4"]
[White "Ponomariov,R"]
[Black "Andreikin,D"]
[Result "0-1"]
[WhiteElo "2744"]
[BlackElo "2683"]

1.d4 Nf6 2.Bf4 Nh5 3.Bg5 h6 4.Bh4 g5 5.e3 Nf6 6.Bg3 Bg7 7.Bd3 d6 8.Nd2 Nc6
9.c3 e5 10.Qc2 Qe7 11.O-O-O Be6 12.h4 g4 13.h5 O-O-O 14.Ne2 Kb8 15.Bh4 Qd7
16.Ng3 d5 17.Nf5 Bxf5 18.Bxf5 Qd6 19.Nb3 Rhg8 20.Bg3 Qe7 21.Nc5 Ne8 22.Kb1 Nd6
23.Bd3 Ka8 24.Qa4 Nb8 25.Bh4 Bf6 26.Bg3 c6 27.Bc2 Rge8 28.Qb4 Nc4 29.Bf5 Na6
30.Nxa6 bxa6 31.Qxe7 Rxe7 32.Bd3 e4 33.Be2 a5 34.b3 Rb7 35.Kc2 Na3+ 36.Kb2 Nc4+
37.Kc1 Na3 38.Bxg4 a4 39.b4 a5 40.bxa5 Rb1+ 41.Kd2 Rb2+ 42.Ke1 Nc2+ 43.Kf1 Rg8
44.Bd7 Rxg3 45.Bxc6+ Ka7 46.Bxd5 Rxe3 47.Rh3 Rxh3 48.gxh3 e3 49.Rd3  0-1

[Event "VI World Blitz"]
[Site "Moscow RUS"]
[Date "2010.11.18"]
[Round "38"]
[White "Eljanov,P"]
[Black "Ponomariov,R"]
[Result "1-0"]
[WhiteElo "2742"]
[BlackElo "2744"]

1.d4 d5 2.Bf4 c5 3.e3 Nc6 4.c3 Nf6 5.Nd2 Bf5 6.Ngf3 Qb6 7.Nh4 Bd7 8.Qb3 c4
9.Qc2 Nh5 10.Bg3 e6 11.Be2 Nxg3 12.hxg3 Qc7 13.e4 O-O-O 14.Nhf3 h6 15.O-O Be7
16.b3 cxb3 17.axb3 g5 18.Bd3 dxe4 19.Nxe4 f5 20.Nc5 g4 21.Nh4 Bxc5 22.dxc5 a6
23.b4 Ne5 24.Be2 Bc6 25.Rfe1 Be4 26.Qb3 Kd7 27.c4 Ke7 28.Qc3 Kf7 29.Rad1 Rhe8
30.Kh2 a5 31.Qe3 axb4 32.Qf4 Qb8 33.Rxd8 Rxd8 34.Bd1 Nd3 35.Qxh6 Nxe1 36.Qg6+ Ke7
37.Qg7+ Ke8 38.Ng6  1-0

[Event "29th European Blitz"]
[Site "Warsaw POL"]
[Date "2010.12.17"]
[Round "6"]
[White "Fridman,D"]
[Black "Ponomariov,R"]
[Result "1-0"]
[WhiteElo "2645"]
[BlackElo "2744"]

1.d4 Nf6 2.c4 e6 3.g3 d5 4.Nf3 Bb4+ 5.Bd2 Be7 6.Bg2 c6 7.O-O Nbd7 8.Qc2 O-O
9.Rd1 b6 10.a4 Ba6 11.b3 Rc8 12.a5 c5 13.axb6 Qxb6 14.Qa2 Bb7 15.e3 a6 16.Nc3 Ne4
17.Na4 Qa7 18.Be1 Bf6 19.Rac1 Rfe8 20.Qe2 Bc6 21.cxd5 Bxd5 22.Nd2 Nxd2 23.Bxd5 exd5
24.Qxd2 cxd4 25.Rxc8 Rxc8 26.exd4 Qb7 27.Qd3 g6 28.f3 Rb8 29.b4 Qb5 30.Nc5 Qxd3
31.Rxd3 Nxc5 32.dxc5 d4 33.Ra3 Ra8 34.Kf1 Be7 35.Ke2 a5 36.Kd3 Kf8 37.Kc4 d3
38.bxa5 Rc8 39.Bb4 d2 40.Rd3  1-0

[Event "29th European Blitz"]
[Site "Warsaw POL"]
[Date "2010.12.17"]
[Round "7"]
[White "Movsesian,S"]
[Black "Ponomariov,R"]
[Result "1/2-1/2"]
[WhiteElo "2721"]
[BlackElo "2744"]

1.e4 c6 2.f4 d5 3.e5 c5 4.c3 Nc6 5.d3 Nh6 6.Be2 f6 7.Nf3 Bg4 8.O-O e6 9.Na3 Qc7
10.exf6 gxf6 11.Nh4 Bxe2 12.Qxe2 Qf7 13.Be3 O-O-O 14.Rae1 Rg8 15.h3 Re8 16.c4 Nf5
17.Nxf5 exf5 18.Qf3 d4 19.Bd2 Bd6 20.Nc2 h5 21.a3 a5 22.Rxe8+ Rxe8 23.Re1 Rxe1+
24.Nxe1 Kc7 25.Qe2 b6 26.Nf3 Ne7 27.Nh4 Kd7 28.Qf3 Kc7 29.Qa8 Qe6 30.Qa7+ Kc6
31.Nf3 Qe2 32.b4 axb4 33.axb4 Qd1+ 34.Kh2 Bc7 35.bxc5 bxc5 36.Qa6+  1/2-1/2

[Event "29th European Blitz"]
[Site "Warsaw POL"]
[Date "2010.12.17"]
[Round "8"]
[White "Ponomariov,R"]
[Black "Gashimov,V"]
[Result "1-0"]
[WhiteElo "2744"]
[BlackElo "2733"]

1.d4 d5 2.c4 c6 3.Nf3 Nf6 4.Nc3 a6 5.e3 b5 6.c5 Nbd7 7.b4 g6 8.a4 Bb7 9.Bb2 Bg7
10.Qc2 O-O 11.Be2 Ne8 12.O-O Nc7 13.Rfd1 Re8 14.axb5 axb5 15.Rxa8 Bxa8 16.h3 Bb7
17.Bf1 Qb8 18.g3 Bc8 19.Bg2 Na6 20.Qb3 e5 21.dxe5 Nxe5 22.Nxe5 Qxe5 23.Qa3 Qh5
24.Rd2 d4 25.Nd1 dxe3 26.Nxe3 Bxb2 27.Qxb2 Nb8 28.h4 Qh6 29.Rd6 Qf8 30.Qd4 Qe7
31.h5 Qg5 32.hxg6 hxg6 33.Bf3 Bd7 34.Kg2 Re7 35.Ng4 Be8 36.Nf6+ Kh8 37.Nxe8+ Qe5
38.Qxe5+ Rxe5 39.Nc7 Kg7 40.Rd8  1-0

[Event "29th European Blitz"]
[Site "Warsaw POL"]
[Date "2010.12.17"]
[Round "10"]
[White "Ponomariov,R"]
[Black "Jobava,Ba"]
[Result "*"]
[WhiteElo "2744"]
[BlackElo "2707"]

1.e4 c6 2.f4 d5 3.e5 c5 4.c3 Nc6 5.d3 h5 6.Be2 g6 7.Nf3 Nh6 8.O-O Bg7 9.Na3 d4
10.Nc2 Nf5 11.Qe1 Be6 12.Ng5 Bd7 13.Bf3 e6 14.Ne4 Qb6 15.c4 a5 16.Bd2 Nb4
17.Nxb4 axb4 18.a3 b3 19.g3 Bc6 20.Kf2 Qc7 21.h3 O-O-O 22.a4 h4 23.g4 Bxe4
24.Bxe4 Ng3 25.Rg1 g5 26.Bf3 gxf4 27.Bxf4 f6 28.Kg2 Bh6 29.Bxg3 hxg3 30.Qe4 Be3
31.Rgf1 Bf2 32.a5 f5 33.gxf5 Rxh3  *

[Event "29th European Blitz"]
[Site "Warsaw POL"]
[Date "2010.12.17"]
[Round "11"]
[White "Moranda,W"]
[Black "Ponomariov,R"]
[Result "0-1"]
[WhiteElo "2578"]
[BlackElo "2744"]

1.d4 Nf6 2.c4 e6 3.Nf3 d5 4.Nc3 Bb4 5.Bg5 h6 6.Bxf6 Qxf6 7.e3 c5 8.cxd5 exd5
9.Be2 O-O 10.O-O Bxc3 11.bxc3 Be6 12.Rb1 b6 13.Ne5 Bf5 14.Rb2 Nc6 15.Nxc6 Qxc6
16.Bf3 c4 17.a4 Rad8 18.Qa1 Rd6 19.Qa3 Rfd8 20.Ra1 g5 21.Qb4 a6 22.g3 Kg7
23.Re2 g4 24.Bg2 h5 25.f3 Re6 26.fxg4 hxg4 27.Rf2 Bg6 28.Rf4 Rxe3 29.Rxg4 Qe6
30.Rf4 Re2 31.Raf1 Re8 32.a5 Qe3+ 33.R4f2 Re6 34.axb6 Rf6  0-1

[Event "European Rapid Championship"]
[Site "Warsaw POL"]
[Date "2010.12.18"]
[Round "1"]
[White "Ponomariov,R"]
[Black "Sparpaglione,B"]
[Result "1-0"]
[WhiteElo "2744"]
[BlackElo "1899"]

1.e4 c6 2.f4 d5 3.e5 g6 4.g3 h5 5.Nf3 Bg4 6.h3 Bxf3 7.Qxf3 e6 8.Bg2 Qb6 9.c3 Nd7
10.d3 O-O-O 11.Nd2 f6 12.exf6 Ndxf6 13.Nb3 Bd6 14.Be3 c5 15.Qf2 Nd7 16.d4 c4
17.Nc5 Bc7 18.O-O Nh6 19.b3 cxb3 20.Rab1 Nxc5 21.dxc5 Qc6 22.Rxb3 Nf5 23.Rfb1 Nxe3
24.Qxe3 b6 25.cxb6 Bxb6 26.Rxb6 axb6 27.Rxb6 Qa4 28.Qc5+ Kd7 29.Rb7+  1-0

[Event "European Rapid Championship"]
[Site "Warsaw POL"]
[Date "2010.12.18"]
[Round "2"]
[White "Baliasnyj,T"]
[Black "Ponomariov,R"]
[Result "0-1"]
[WhiteElo "2224"]
[BlackElo "2744"]

1.c4 Nf6 2.g3 g6 3.Bg2 d5 4.cxd5 Nxd5 5.Nc3 Nb6 6.Nf3 Bg7 7.O-O O-O 8.d3 Nc6
9.Bg5 h6 10.Be3 e5 11.Ne4 Nd4 12.Nxd4 exd4 13.Bd2 Re8 14.Re1 c6 15.Rc1 a5
16.Nc5 Nd7 17.Qa4 Nxc5 18.Rxc5 Qb6 19.Rc2 Bf5 20.Qb3 Qxb3 21.axb3 Re5 22.b4 axb4
23.Bxb4 Ra2 24.f4 Rb5 25.Ba3 Bf8 26.Bxf8 Kxf8 27.Rb1 Be6 28.Kf2 Ke7 29.e3 dxe3+
30.Kxe3 Kd6 31.Bf3 h5 32.Be4 h4 33.Bf3 hxg3 34.hxg3 g5 35.Be4 gxf4+ 36.Kxf4 Ra4
37.Ke3 Rab4 38.Rf2 Rg5 39.Rg2 f5 40.Bf3 Rxg3 41.Rxg3 f4+ 42.Kf2 fxg3+ 43.Kxg3 Ba2
44.Rc1 Rxb2 45.Kf4 Rh2 46.Be4 Rh3 47.Kg4 Be6+ 48.Kf4 Bd5 49.Bxd5 Kxd5 50.Rb1 b5  0-1

[Event "European Rapid Championship"]
[Site "Warsaw POL"]
[Date "2010.12.18"]
[Round "4"]
[White "Lintchevski,D"]
[Black "Ponomariov,R"]
[Result "1/2-1/2"]
[WhiteElo "2532"]
[BlackElo "2744"]

1.e4 c6 2.d4 d5 3.Nc3 dxe4 4.Nxe4 Bf5 5.Ng3 Bg6 6.h4 h6 7.Nf3 Nd7 8.h5 Bh7
9.Bd3 Bxd3 10.Qxd3 e6 11.Bd2 Ngf6 12.O-O-O Be7 13.Ne4 Qb6 14.Nxf6+ Bxf6 15.Be3 a5
16.Ne5 Qa6 17.Nxd7 Kxd7 18.Qe4 a4 19.Kb1 Qc4 20.Bf4 Ra5 21.Rh3 Rd5 22.Qd3 Qxd3
23.Rdxd3 b5 24.c3 Rc8 25.Kc2 c5 26.dxc5 Rxc5 27.Rxd5+ exd5 28.Rd3 Ke6 29.Be3 d4
30.Bxd4 Bxd4 31.Rxd4 Rxh5 32.Rg4 g6 33.b3 axb3+ 34.axb3 Rf5 35.f3 h5 36.Re4+ Kd6
37.f4 f6 38.Kd3 g5 39.fxg5 fxg5 40.Rd4+ Kc5 41.Re4 Rd5+ 42.Ke3 Kd6 43.Rd4 Ke5  1/2-1/2

[Event "European Rapid Championship"]
[Site "Warsaw POL"]
[Date "2010.12.18"]
[Round "6"]
[White "Sakalauskas,V"]
[Black "Ponomariov,R"]
[Result "1/2-1/2"]
[WhiteElo "2405"]
[BlackElo "2744"]

1.d4 Nf6 2.c4 g6 3.Nc3 d5 4.cxd5 Nxd5 5.Bd2 Bg7 6.e4 Nb6 7.Be3 O-O 8.f4 Nc6
9.d5 Nb8 10.Bd4 Bxd4 11.Qxd4 e6 12.Nf3 exd5 13.exd5 c6 14.dxc6 Qe7+ 15.Qe5 Qb4
16.O-O-O Nxc6 17.Qd6 Bg4 18.Qxb4 Nxb4 19.a3 Bxf3 20.gxf3 Nc6 21.Bd3 Rac8
22.Rhe1 Nd4 23.Bxg6 Nxf3 24.Bxh7+ Kxh7 25.Re3 Nxh2 26.Rh1 Kg6 27.Rxh2 Nd5
28.Rg3+ Kf6 29.Rc2 Nxc3 30.Rgxc3 Rxc3 31.Rxc3 Re8 32.Kd2 Re7 33.Rc5 b6 34.Rd5 Re4
35.Rd7 a5 36.Rb7 Rxf4 37.Rxb6+ Ke7 38.b4  1/2-1/2

[Event "European Rapid Championship"]
[Site "Warsaw POL"]
[Date "2010.12.18"]
[Round "7"]
[White "Ponomariov,R"]
[Black "Staniszewski,Pi"]
[Result "1/2-1/2"]
[WhiteElo "2744"]
[BlackElo "2407"]

1.e4 e5 2.Nf3 Nc6 3.Bb5 a6 4.Ba4 Nf6 5.O-O Be7 6.Re1 b5 7.Bb3 d6 8.c3 O-O
9.d4 Bg4 10.a4 Qd7 11.axb5 axb5 12.Rxa8 Rxa8 13.Qd3 Bxf3 14.gxf3 Bf8 15.f4 exd4
16.cxd4 Nxd4 17.Bd1 c5 18.Be3 Qh3 19.Qf1 Qxf1+ 20.Kxf1 Re8 21.f3 g6 22.Nc3 b4
23.Bxd4 cxd4 24.Nb5 d3 25.Re3 Nd5 26.Rxd3 Nxf4 27.Rd4 Rc8 28.Nxd6 Rc1 29.Ne8 Be7
30.e5 Kf8 31.Nf6 Ne6 32.Rd2 h5 33.Ke2 Kg7 34.Ne4 Nf4+ 35.Ke3 Ng2+ 36.Kf2 Nf4
37.Rd7 Kf8 38.Ke3 Ne6 39.Bb3 Re1+ 40.Kd3 Rh1 41.Rb7 Rxh2 42.Rb8+ Kg7 43.Re8 Nc5+
44.Nxc5 Bxc5 45.Rc8 Rxb2 46.Bd5 Be7 47.Rc7 Kf8 48.Rc8+ Kg7 49.Rc7 Kf8 50.Ke4  1/2-1/2

[Event "European Rapid Championship"]
[Site "Warsaw POL"]
[Date "2010.12.18"]
[Round "8"]
[White "Ponomariov,R"]
[Black "Sadzikowski,D"]
[Result "1-0"]
[WhiteElo "2744"]
[BlackElo "2371"]

1.Nf3 Nf6 2.g3 d5 3.Bg2 e6 4.O-O Be7 5.d3 O-O 6.Nbd2 c5 7.e4 Nc6 8.Re1 dxe4
9.dxe4 Qc7 10.e5 Nd7 11.Qe2 b6 12.c3 Bb7 13.Nf1 a6 14.h4 b5 15.b3 Nb6 16.N1h2 Rfd8
17.h5 h6 18.Ng4 Nd5 19.Qc2 b4 20.c4 Nc3 21.Bxh6 Nd4 22.Nxd4 cxd4 23.Bf4 d3
24.Qd2 Bxg2 25.Kxg2 Rd7 26.f3 a5 27.Nf6+ gxf6 28.exf6 Bd6 29.Bxd6 Qxd6  1-0

[Event "European Rapid Championship"]
[Site "Warsaw POL"]
[Date "2010.12.19"]
[Round "11"]
[White "Ponomariov,R"]
[Black "Gajewski,G"]
[Result "1-0"]
[WhiteElo "2744"]
[BlackElo "2555"]

1.Nf3 Nf6 2.g3 d5 3.Bg2 c6 4.O-O Bg4 5.b3 Nbd7 6.Bb2 e6 7.c4 Bd6 8.d4 O-O
9.Ne5 Bf5 10.Nd2 h6 11.Ndf3 Ne4 12.Nd3 a5 13.a3 b5 14.Rc1 bxc4 15.bxc4 Rb8
16.c5 Bc7 17.Ba1 Rb5 18.Rb1 Rxb1 19.Qxb1 Qa8 20.Qc2 Rb8 21.Rb1 Rxb1+ 22.Qxb1 Qa6
23.Bf1 Qc4 24.Qb7 Qa2 25.Bb2 Nef6 26.Nfe1 Bb8 27.Qxc6 Qb3 28.a4 Qd1 29.Qc8+ Kh7
30.c6 Bxd3 31.Nxd3 Nb6 32.Qxb8 Nc4 33.Bc1 Ne4 34.Qf4 e5 35.Qf5+  1-0

[Event "European Rapid Championship"]
[Site "Warsaw POL"]
[Date "2010.12.19"]
[Round "13"]
[White "Ponomariov,R"]
[Black "Mchedlishvili,M"]
[Result "1/2-1/2"]
[WhiteElo "2744"]
[BlackElo "2637"]

1.c4 e5 2.Nc3 Bb4 3.g3 Bxc3 4.dxc3 Nc6 5.Bg2 d6 6.b3 Nge7 7.Nh3 O-O 8.f4 Ng6
9.Nf2 exf4 10.Bxf4 Qe7 11.e4 Nce5 12.O-O Bd7 13.Be3 b6 14.h4 h6 15.Qd2 Ng4
16.Bd4 Nxf2 17.Rxf2 Ne5 18.Rf4 Rae8 19.Re1 f6 20.Kh2 Ng4+ 21.Kg1 Ne5 22.Kh2 Ng4+
23.Kg1  1/2-1/2

[Event "FIDE World Cup 2011"]
[Site "Khanty-Mansiysk RUS"]
[Date "2011.08.29"]
[Round "1.2"]
[White "Gwaze,R"]
[Black "Ponomariov,R"]
[Result "1/2-1/2"]
[WhiteElo "2434"]
[BlackElo "2764"]

1.e4 c5 2.Nf3 e6 3.d4 cxd4 4.Nxd4 Nf6 5.Nc3 d6 6.g4 h6 7.h3 Nc6 8.Be3 Bd7
9.Qe2 Nxd4 10.Bxd4 Qa5 11.O-O-O Rc8 12.Kb1 Be7 13.Qd2 Bc6 14.f3 a6 15.Qf2 Qc7
16.Bb6 Qb8 17.h4 d5 18.Ba7 Qc7 19.Bb6 Qb8 20.exd5 Nxd5 21.Nxd5 Bxd5 22.Qe3 Bc6
23.Be2 Bd6 24.Qd4 Be5 25.Qb4 g6 26.Rhf1 g5 27.Bd4 Rd8 28.Bb6 Rc8 29.Rh1 Bf6
30.hxg5 hxg5 31.Rhe1 Qf4 32.Qa3 Rh2 33.Bd3 Be7 34.Bc5 Rc7 35.Bxe7 Rxe7 36.Be4 Bxe4
37.fxe4 Qc7 38.Qb3 Rd7 39.Rxd7 Qxd7 40.a3 Qd2 41.Rc1 b5 42.c4 b4 43.c5 Re2
44.axb4 Rxe4 45.c6 Re1 46.Rxe1 Qxe1+ 47.Ka2 Qe5 48.Ka1 Qd5 49.Qc3 Kd8 50.Qf6+ Kc7
51.Qxf7+ Kxc6 52.Qe8+ Kc7 53.Qf7+ Kd6 54.Qa7 Qc4 55.Qb6+ Kd7 56.Qb7+ Ke8
57.Kb1 Qb5 58.Qc8+ Kf7 59.Qc7+ Kg6 60.Qc2+ Kf6 61.Qc3+ Ke7 62.Qc7+ Qd7 63.Qc5+ Kf6
64.Qf2+ Kg7 65.Qe2 Qd6 66.Qe1 Qd3+ 67.Ka1 Qd5 68.Qc3+ e5 69.Qc7+ Kf6 70.Qc8 Qe6
71.Qh8+ Kf7 72.Qh7+ Kf8 73.Qh8+ Kf7 74.Qh7+ Ke8 75.Qh5+ Kd7 76.Qxg5 e4 77.Qg7+ Ke8
78.Qh8+ Kd7 79.Qd4+ Ke8 80.Qh8+ Kd7 81.Qd4+ Ke8 82.Qh8+  1/2-1/2

[Event "FIDE World Cup 2011"]
[Site "Khanty-Mansiysk RUS"]
[Date "2011.09.03"]
[Round "3.1"]
[White "Ponomariov,R"]
[Black "Efimenko,Z"]
[Result "1/2-1/2"]
[WhiteElo "2764"]
[BlackElo "2706"]

1.d4 Nf6 2.c4 e6 3.Nf3 b6 4.g3 Bb4+ 5.Bd2 c5 6.Bxb4 cxb4 7.Bg2 Bb7 8.O-O O-O
9.a3 bxa3 10.Nxa3 a5 11.Qb3 Na6 12.Ne5 Bxg2 13.Kxg2 Nb4 14.Nd3 Nxd3 15.Qxd3 d5
16.Rac1 Qd6 17.Nb5 Qd7 18.cxd5 Nxd5 19.e4 Nb4 20.Qe2 Rac8 21.Rfd1 h6 22.Rxc8 Rxc8
23.Nc3 Re8 24.Qf3 Nc6 25.d5 Ne5 26.Qe2 exd5 27.exd5 Ng4 28.Qb5 Qxb5 29.Nxb5 Nf6
30.d6 Re5 31.Nc3 Nd7 32.f4 Re6 33.Kf3 f5 34.Nd5 Kf7 35.Ne3 g6 36.g4 fxg4+
37.Nxg4 h5 38.Ne5+ Ke8 39.Ke4 Nf6+ 40.Kf3 Nd7 41.Nc6 a4 42.h4 Nf6 43.Ne5 Nd7
44.Rd5 b5 45.Nc6 Re1 46.Rxb5  1/2-1/2